| 000 | 005570000a22001090004500 | ||
|---|---|---|---|
| 100 | 1 | _aCala, Felipe | |
| 245 | 1 | 0 | _aInspiraciones etílicas |
| 300 | _aVol.0, núm.0 (2007), Páginas 26-27 | ||
| 520 | _aEl uno, Charles Bukowski, profundamente pesimista, bebía ingentes cantidades de Jim Bean, el bourbon que más le gustaba, o vaciaba botellas de vino blanco todos los días. En la otra esquina, el Nobel Ernest Hemingway hizo tal bacanal en el Ritz de París, que por poco es desterrado. | ||
| 773 | 0 | _tArcadia / Andrés Felipe Solano, Editor | |
| 942 | _cANA | ||
| 999 |
_c62321 _d62321 |
||